J.D. Salinger's Nine Stories Quiz Stats

 Plays Quiz Updated Mar 27, 2020

     
Support Sporcle.
Go Orange.
Score 0/9 Timer 02:00
0 Plays Today
Title % Correct
A Perfect Day for Bananafish
81.1%
Teddy
61.5%
For Esmé - with Love and Squalor
59.1%
The Laughing Man
41.6%
Down at the Dinghy
33.7%
Uncle Wiggily in Connecticut
30.6%
Pretty Mouth and Green My Eyes
27.6%
Just Before the War with the Eskimos
27.2%
De Daumier-Smith's Blue Period
23.7%

From the Vault

3-Letter Music Artists

by timschurz

Music 4m
These artists like to keep it short and sweet.
Remove Ads.
Support Sporcle.
Get the best of Sporcle when you Go Orange. This ad-free experience offers more features, more stats, and more fun while also helping to support Sporcle. Thank you for becoming a member.

Show Comments

Extras

Top Quizzes Today


Score Distribution

Your Account Isn't Verified!

In order to create a playlist on Sporcle, you need to verify the email address you used during registration. Go to your Sporcle Settings to finish the process.

Report this User

Report this user for behavior that violates our Community Guidelines.

Details: